000 00698nam a2200229 i 4500
001 bg
100 1 _aNEIBAUER, Alan R.
245 1 0 _aJęzyki C i C++ :
_btwój pierwszy program /
_cAlan R. Neibauer ; z ang. przeł. Bożena Tyrowicz.
260 _aWarszawa :
_b"HELP",
_c1995.
300 _a388 s. ;
_c24 cm.
504 _aIndeks.
650 9 _aC (język programowania)
655 _aPodręczniki
020 _a8385137718
040 _cBPK
041 1 _apl
_hen
080 _a004.438(07)C
920 _a83-85137-71-8
942 _cKS
008 s pl f |000 0 pol
856 _uhttp://koha.tu.koszalin.pl/cgi-bin/koha/opac-detail.pl?biblionumber=36973
_yKatalog online BPK
999 _c36973
_d36973